00613nam a2200193Ia 4500008004100000020001800041082001300059100001400072245002600086250000600112260003600118300001700154500002400171650001400195942000700209952009300216952009300309999001700402230524s9999 xx 000 0 und d a9789390097329 a530bSIN aS.K.Singh 0aEngineering Mechanics a1 aNew DelhibVayu Educationc2009 a"XVII,522p;" aQuantity Number: 2 aMechanics cBK 00104070aTATCLbTATCLcGENd2023-05-24l0o530 SINp53917r2023-05-24w2023-05-24yBK 00104070aTATCLbTATCLcGENd2023-05-24l0o530 SINp60062r2023-05-24w2023-05-24yBK c56490d56490